The Banker: Americká Citygroup naďalej svetovou jednotkou
Top 1000 najväčších bánk sveta priniesol americký magazín The Banker vo svojom júlovom čísle. Na čele sa umiestnila americká Citygroup nasledovaná Bank of America. Postavenie Deutsche Bank. Zosilneli aj pozície japonských bánk. Pozície východoeurópskych bánk.
Uložené v:
| Hlavný autor: | |
|---|---|
| Médium: | Kapitola |
| Jazyk: | Slovak |
| Predmet: | |
| Tagy: |
Žiadne tagy, Buďte prvý, kto otaguje tento záznam!
|
MARC
| LEADER | 00000naa a2200000 4500 | ||
|---|---|---|---|
| 001 | r039090 | ||
| 005 | 20230921105921.0 | ||
| 041 | 0 | |a slo | |
| 044 | |a SK | ||
| 245 | 1 | 0 | |a The Banker: Americká Citygroup naďalej svetovou jednotkou |c Pavol Suďa |
| 520 | |a Top 1000 najväčších bánk sveta priniesol americký magazín The Banker vo svojom júlovom čísle. Na čele sa umiestnila americká Citygroup nasledovaná Bank of America. Postavenie Deutsche Bank. Zosilneli aj pozície japonských bánk. Pozície východoeurópskych bánk. | ||
| 610 | 2 | 0 | |a banky |
| 610 | 2 | 0 | |a porovnanie medzinárodné |
| 610 | 2 | 0 | |a bankovníctvo |
| 610 | 2 | 0 | |a bankovníctvo elektronické |
| 610 | 2 | 0 | |a zisk |
| 610 | 2 | 0 | |a fúzie |
| 610 | 2 | 0 | |a svet |
| 610 | 2 | 0 | |a USA |
| 610 | 2 | 0 | |a Slovensko |
| 100 | 1 | |a Suďa, Pavol | |